000 00565nam a2200157 a 4500
001 000045251
005 20201002050015.0
008 150217s1959 dr 000 0 spa d
040 _aDO-SdBNP
_bspa
_cBNPHU
082 _axxxx
_bxxxx
100 1 _aSosa, André Nicolás
_973278
245 1 0 _aProntuario de política latinoamericana :
_bpara Mr. Charles O. Porter /
_cAndrés Nicolás Sosa.
260 _aCiudad Trujillo, República Dominicana :
_b[s. n.],
_c1959.
300 _a20 P. ;
_c23 cm.
590 _aPerteneció a la biblioteca personal del Dr. Guaroa Ginebra H.
999 _c44740
_d44740